| 000 | 00735nam a2200217 4500 | ||
|---|---|---|---|
| 999 |
_c8426 _d8426 |
||
| 001 | 22147 | ||
| 003 | BD-DhUAP | ||
| 005 | 20240314104130.0 | ||
| 008 | 910906s1992 enka b 001 0 eng | ||
| 020 | _a0521388120 (paperback) | ||
| 020 | _a9780521388122 | ||
| 040 |
_aBD-DhUAP _cBD-DhUAP _dBD-DhUAP _bEng |
||
| 082 | 0 | 0 |
_a325.344096 SAR _220 |
| 245 | 0 | 4 |
_aThe Cambridge companion to Sartre / _cedited by Christina Howells. |
| 260 |
_aCambridge [England] ; _aNew York, NY, USA : _bCambridge University Press, _c1999. |
||
| 300 |
_axvii, 387 p. : _bill. ; _c24 cm. |
||
| 504 | _aIncludes bibliographical references (p. 373-383) and index. | ||
| 650 |
_aSartre, Jean-Paul, _x1905-1980. |
||
| 700 | 1 | _aHowells, Christina. | |
| 942 |
_2ddc _cBK |
||